Statistiken für Bahamas-Quiz

Klicken Sie hier um das Quiz zu spielen!

Allgemein

  • Dieses Quiz wurde 851 mal gespielt
  • Das Durchschnittsergebnis liegt bei 13 aus 21

Antwortstatistiken

FrageAntwort% Korrekt
Länder, die den Bahamas am nächsten liegenVereinigte Staaten
94%
WährungBahama-Dollar
91%
Länder, die den Bahamas am nächsten liegenKuba
91%
Die Bahamas waren die ersten Inseln, die 1492 in der Neuen Welt von diesem Seefahrer besucht wurdenChristoph Kolumbus
89%
HauptstadtNassau
89%
Teile der Bahamas liegen an diesem Ort, an dem Schiffe mysteriös verschwanden{Bermuda}dreieck
88%
Land, von dem die Bahamas 1973 unabhängig wurdenVereinigtes Königreich
88%
Trotz falscher Vorstellung liegen die Bahamas NICHT an diesem MeerKaribisches Meer
85%
Länder, die den Bahamas am nächsten liegenHaiti
82%
Industrie, die ca. 50% des BIP ausmachtTourismus
75%
Beliebteste SportartCricket
71%
Anteil an einheimischer Bevölkerung, der nach 30 Jahren Kontakt mit ersten Europäern überlebte (auf ganze Zahlen gerundet)0%
61%
Britisches Territorium, der nur 46 km südlich der Bahamas liegt{Turks} und Caicos
58%
Touristen können auf der Insel Big Major Cay diese Tiere schwimmen sehenSchweine
49%
Englischer Pirat, dessen Schiff "Queen Anne's Revenge" in den Bahamas segelteBlackbeard
44%
Vogel auf dem Wappen der BahamasFlamingo
22%
Erster afro-amerikanischer Oskarpreisträger für bester Schauspieler in 1964Sidney Poitier
19%
Ehemaliger König, der 1940-45 Gouverneur der Bahamas warDuke of Windsor
(Eduard VIII.)
18%
Insel, auf welcher die Hauptstadt liegtNew Providence
18%
Größte Insel (flächenmäßig)North {Andros}
18%
Inselgruppe, die die Bahamas und das obige Territorium umfasst (Anfangsbuchstabe L)Lucayen
13%

Verteilung der Resultate

Perzentil nach korrekt beantworteten Fragen

Anzahl Personen mit jedem Resultat

Ihre Resultats-Entwicklung

Sie haben dieses Quiz noch nicht gespielt